Nominácia pralesov Slovenska na zaradenie do zoznamu Svetového prírodného dedičstva UNESCO

Bibliographic Details
Main Author: Vysoký, J. (Author)
Format: Article
Language:Slovak
PhysicalDescription:Fotogr., tb.
ISSN:1335-1737
Subjects:

MARC

LEADER 00000nab a2200000 a 4500
001 vtls000861241
003 SK-MaSNL
005 20260304120028.0
008 250429c2003 xo 0 slo
015 |a SNBRB2004/02-03610 
035 |a CLN000212838 
035 |a urn:nbn:sk:snk-aba0yq 
035 |a (urnnbn)urn:nbn:sk:snk:ar-a0986l 
035 |a (uuid)3ca84450-2c37-4dd2-82a8-78be3dc43e0f 
040 |a SNKBUCL  |b slo  |c SNKBUCL  |e AACR2 
041 0 |a slo 
044 |a xo  |c SK 
080 |a 502.4(437.6)  |2 1997 
100 1 |a Vysoký, J.  |4 aut  |9 537278 
245 1 0 |a Nominácia pralesov Slovenska na zaradenie do zoznamu Svetového prírodného dedičstva UNESCO  |c J. Vysoký 
300 |b Fotogr., tb. 
650 0 7 |a pralesy  |z Slovensko  |x projekty nominačné  |2 snkbucl  |9 1423334 
655 7 |a články z novín a časopisov  |2 snkbucl  |9 267496 
773 0 |t Chránené územia Slovenska  |g Č. 57 (2003), s. 7-10  |x 1335-1737 
850 |a Slovenská národná knižnica 
852 |a Slovenská národná knižnica 
954 |a odborná, vedecká literatúra pôvodná (slovenská)  |2 lita 
958 |a article13 
958 |a OND 
958 |a SK 
958 |a EUIPO 
992 |a RBX 
999 |c 2878394  |d 2880324